000 00253nam a22000977a 4500
999 _c526692
_d526692
082 _aSNT A99 W893
100 _aKhan, Sadeea
_946252
245 _aThe world’s greenest speeches
_bBy Khan Sadeea
260 _aNew Delhi
_bLexicon
_c2013
300 _a655p